Statistics for Plant Idioms

Click here to take the quiz!

General Stats

  • This quiz has been taken 33 times
    (31 since last reset)
  • The average score is 17 of 25

Answer Stats

HintPlant Life% Correct
Expression of encouragement said to a child who has fallenOops-a-{daisy}
95%
Someone who is shy or excluded at a partyWall{flower}
95%
To make the best of a bad situationWhen life gives you {lemons}, make {lemonade}
95%
The person someone most loves{Apple} of someone’s eye
91%
A source of annoyance or discomfortA {thorn} in your side
91%
To follow the wrong course of actionBarking up the wrong {tree}
91%
To stop something before it becomes a problemTo nip something in the {bud}
91%
Someone who is slower than their peers to developA late {bloomer}
86%
Healthy, energetic, youthfulAs fresh as a {daisy}
77%
Every good situation will have its problemsEvery {rose} has its {thorn}
77%
Difficult, uncomfortableNo bed of {roses}
77%
To emerge victorious from a difficult situationTo come out smelling like a {rose}
73%
A bad/corrupt person will ruin the group’s endeavourA bad {apple} spoils the barrel
68%
An additional benefit that improves an already very good situationThe {cherry} on top of the cake
68%
To take only what’s beneficial to you from the available optionsTo {cherry}-pick
59%
To disturb the status quoTo upset the {apple} cart
59%
A shy personA shrinking {violet}
55%
Very different/incompatibleLike comparing {apple}s to {orange}s
55%
Dead and buriedPushing up the {daisies}
50%
Someone who is negative and jealousSour {grape}s
50%
To be unconcerned, to not careTo not give a {fig}
50%
To irritate someoneTo drive someone {banana}s
45%
To become establishedTo take {root}
45%
To attempt to improve something that is already perfectTo gild the {lily}
36%
An easy and pleasurable way of life{Primrose} path
0%

Score Distribution

Percentile by Number Answered

Percent of People with Each Score

Your Score History

You have not taken this quiz since the last reset